Průvodce světem Arduina /

Guardado en:
Detalles Bibliográficos
Autor principal: Voda, Zbyšek (Autor)
Formato: Libro
Lenguaje:checo
Publicado: Bučovice: Nakladatelství Martin Stríž, 2015
Edición:1. vyd.
Etiquetas: Agregar Etiqueta
Sin Etiquetas, Sea el primero en etiquetar este registro!

MARC

LEADER 00000nam a22000003a 4500
001 0014983
003 SK-STU
005 20230511100650.5
007 ta
008 160606s ----xo-----e------000-0-----d
020 |a 978-80-87106-90-7 
040 |a STU  |b slo 
041 0 |a cze  |h cze 
044 |a xr 
100 1 |a Voda, Zbyšek  |4 aut  |r Z6 
245 1 0 |a Průvodce světem Arduina /  |c aut. Zbyšek Voda 
250 |a 1. vyd. 
260 |a Bučovice:  |b Nakladatelství Martin Stríž,  |c 2015 
300 |a 239 s. 
996 |c V* 52362/O-23519  |l VV6  |s P  |a 0  |w 0014983_0001 
996 |b 284EK89983  |c E* 89983  |l EE34  |s P  |a 0  |w 0014983_0002